Statistics for Pokémon by Category (Johto)

Click here to take the quiz!

General Stats

  • This quiz has been taken 7 times
  • The average score is 40 of 100

Answer Stats

Pokedex NumberPokemonCategory% Correct
239ElekidElectric
80%
182BellossomFlower
80%
153BayleefLeaf
80%
152ChikoritaLeaf
80%
191SunkernSeed
80%
170ChinchouAngler
60%
169CrobatBat
60%
222CorsolaCoral
60%
229HoundoomDark
60%
228HoundourDark
60%
198MurkrowDarkness
60%
230KingdraDragon
60%
210GranbullFairy
60%
209SnubbullFairy
60%
186PolitoedFrog
60%
185SudowoodoImitation
60%
238SmoochumKiss
60%
206DunsparceLand Snake
60%
218SlugmaLava
60%
219MagcargoLava
60%
241MiltankMilk Cow
60%
164NoctowlOwl
60%
163HoothootOwl
60%
235SmearglePainter
60%
220SwinubPig
60%
250Ho-OhRainbow
60%
196EspeonSun
60%
192SunfloraSun
60%
201UnownSymbol
60%
172PichuTiny Mouse
60%
244EnteiVolcano
60%
157TyphlosionVolcano
60%
156QuilavaVolcano
60%
195QuagsireWater Fish
60%
194WooperWater Fish
60%
183MarillAqua Mouse
40%
184AzumarillAqua Rabbit
40%
248TyranitarArmour
40%
232DonphanArmour
40%
234StantlerBig Horn
40%
160FeraligatrBig Jaw
40%
158TotodileBig Jaw
40%
159CroconawBig Jaw
40%
187HoppipCottonweed
40%
189JumpluffCottonweed
40%
188SkiploomCottonweed
40%
249LugiaDiving
40%
155CyndaquilFire Mouse
40%
237HitmontopHandstand
40%
242BlisseyHappiness
40%
176TogeticHappiness
40%
154MeganiumHerb
40%
217UrsaringHibernator
40%
208SteelixIron Snake
40%
226MantineKite
40%
171LanturnLight
40%
181AmpharosLight
40%
178XatuMystic
40%
212ScizorPincer
40%
199SlowkingRoyal
40%
161SentretScout
40%
221PiloswineSwine
40%
243RaikouThunder
40%
177NatuTiny Bird
40%
179MareepWool
40%
180FlaaffyWool
40%
227SkarmoryArmour Bird
20%
204PinecoBagworm
20%
205ForretressBagworm
20%
211QwilfishBalloon
20%
174IgglybuffBalloon
20%
193YanmaClear Wing
20%
225DelibirdDelivery
20%
166LedianFive Star
20%
165LedybaFive Star
20%
207GligarFly Scorpion
20%
247PupitarHard Shell
20%
223RemoraidJet
20%
224OctilleryJet
20%
216TeddiursaLittle Bear
20%
240MagbyLive Coal
20%
162FurretLong Body
20%
168AriadosLong Leg
20%
203GirafarigLong Neck
20%
190AipomLong Tail
20%
213ShuckleMold
20%
197UmbreonMoonlight
20%
202WobbuffetPatient
20%
200MisdreavusScreech
20%
236TyrogueScuffle
20%
215SneaselSharp Claw
20%
175TogepiSpike Ball
20%
173CleffaStar Shape
20%
167SpinarakString Spit
20%
251CelebiTime Travel
20%
245SuicuneAurora
0%
231PhanpyLong Nose
0%
246LarvitarRock Skin
0%
214HeracrossSingle Horn
0%
233Porygon2Virtual
0%

Score Distribution

Percentile by Number Answered

Percent of People with Each Score

Your Score History

You have not taken this quiz